000 00323nam a22001337a 4500
040 _cNUST
082 _a428.4076
_bTOM
100 _aTomlinson, Brain
_9119391
245 _aReading :
_bUpper Intermediate /
_cBrain Tomlinson
260 _aNew York :
_bOxford;
_c1987.
300 _a90p.
521 _bHB
942 _2ddc
_cBK
999 _c607139
_d607139